| 000 | 00629nam a2200181Ia 4500 | ||
|---|---|---|---|
| 008 | 170419s9999 xx 000 0 und d | ||
| 100 | _aArnold, A.J. | ||
| 245 | _aCapital reduction case law decisions and the development of the capital maintenance doctrine in late-nineteenth-century England | ||
| 245 | _cA.J. Arnold. | ||
| 260 | _bRoutledge: Taylor & Francis Group | ||
| 260 | _c2016 | ||
| 300 | _aFebruary | ||
| 440 |
_aAccounting and Business Research _v47:2 |
||
| 650 | _aCAPITAL MAINTENANCE | ||
| 650 | _aCAPITAL REDUCTION SCHEMES | ||
| 650 | _aNINETEENTHE-CENTURY ACCOUNTING | ||
| 650 | _aSHAREHOLDER CLASS RIGHTS | ||
| 999 |
_c329464 _d329464 |
||